|
|
|
|
| LEADER |
00000nab a2200000 a 4500 |
| 001 |
vtls000787398 |
| 003 |
SK-MaSNL |
| 005 |
20260302155209.0 |
| 008 |
160401c2001 xo 0 slo |
| 015 |
|
|
|a SNBRB2002/03-09658
|
| 035 |
|
|
|a CLN000139053
|
| 040 |
|
|
|a SNKBUCL
|b slo
|c SNKBUCL
|e AACR2
|
| 041 |
0 |
|
|a slo
|
| 044 |
|
|
|a xo
|c SK
|
| 080 |
|
|
|a 05(437.6)
|2 1997
|
| 100 |
1 |
|
|a Bada, Michal,
|d 1978-
|4 aut
|9 115060
|
| 245 |
1 |
0 |
|a Poľská augustová Dilema
|c Michal Bada
|
| 630 |
0 |
7 |
|a Dilema (časopis)
|y 2001
|x č. 8
|x prehľady bibliografické
|2 snkbucl
|9 853242
|
| 655 |
|
7 |
|a články z novín a časopisov
|2 snkbucl
|9 267496
|
| 773 |
0 |
|
|x 1335-6755
|t Proglas
|g Roč. 12, č. 2 (2001), s. 54-55
|
| 850 |
|
|
|a Slovenská národná knižnica v Martine
|
| 852 |
|
|
|a SNK
|b KIS3GCP
|
| 958 |
|
|
|a SK
|
| 958 |
|
|
|a PL
|
| 958 |
|
|
|a RBX
|
| 999 |
|
|
|c 1370710
|d 1372640
|